[Event "III Tch-ESP Selecciones Autonomicas"]
[Site "Melilla ESP"]
[Date "2008.05.02"]
[Round "4"]
[White "Illescas Cordoba,M"]
[Black "Rivas Pastor,M"]
[Result "1-0"]
[WhiteElo "2605"]
[BlackElo "2498"]

1.e4 g6 2.d4 Bg7 3.c4 c5 4.d5 d6 5.Nf3 Nf6 6.Nc3 O-O 7.h3 Na6 8.Bd3 Nc7 9.O-O a6
10.Re1 e5 11.a3 Bd7 12.b4 b6 13.Rb1 Rb8 14.Bg5 h6 15.Be3 Nh5 16.bxc5 bxc5
17.Qd2 g5 18.Rxb8 Qxb8 19.Rb1 Qc8 20.Ne2 Ne8 21.Nh2 f5 22.exf5 Bxf5 23.Qc2 Bxd3
24.Qxd3 Nf4 25.Qc2 Nxe2+ 26.Qxe2 Qf5 27.Rb6 e4 28.Rxa6 Qe5 29.Qg4 Kh8 30.Nf1 Nf6
31.Qe6 Qc3 32.Nd2 Qa1+ 33.Kh2 Re8 34.Qf5 Rf8 35.Qg6 Qe1 36.Ra7 Ng4+ 37.Kg3 Qxf2+
38.Bxf2 Be5+ 39.Kxg4  1-0

[Event "ch-ESP KO"]
[Site "Ceuta ESP"]
[Date "2008.09.27"]
[Round "1.1"]
[White "Blazquez Gomez,Jo"]
[Black "Illescas Cordoba,M"]
[Result "0-1"]
[WhiteElo "2255"]
[BlackElo "2603"]

1.d4 Nf6 2.Nf3 e6 3.e3 b6 4.Bd3 Bb7 5.O-O c5 6.c4 g6 7.Nc3 Bg7 8.d5 exd5
9.cxd5 Nxd5 10.Nxd5 Bxd5 11.Bxg6 hxg6 12.Qxd5 Nc6 13.a3 Rh5 14.Qd3 Qf6 15.Rb1 g5
16.b4 g4 17.Bb2 Qe6 18.Nd2 Bxb2 19.Rxb2 Ne5 20.Qc3 c4 21.Rc2 b5 22.Ne4 O-O-O
23.Qd4 Nc6 24.Nd6+ Kc7 25.Nxb5+ Rxb5 26.Rxc4 Kb7 27.Qc3 Qe5 28.Rd1 Qxc3 29.Rxc3 d5
30.Rdc1 Rd6 31.h3 gxh3 32.gxh3 Rg6+ 33.Kf1 Rh6 34.h4 Kc7 35.Kg2 Kd7 36.Kh3 a5
37.bxa5 Rxa5 38.Kg4 Ra8 39.f4 Rg8+ 40.Kf3 f5 41.h5 Ne7 42.Rc7+ Kd6 43.Ra7 Rxh5
44.Ra6+ Kd7 45.Ra7+ Ke6 46.Rcc7 Nc8 47.Ra8 Rhh8 48.a4 Nd6 49.Raa7 d4 50.Re7+ Kd5
51.Ke2 Rc8 52.Re5+ Kc4 53.exd4 Rh2+ 54.Kf1 Kd3 55.Kg1 Ra2 56.Re1 Rg8+ 57.Kf1 Ne4
58.Rd1+ Ke3 59.Re1+ Kf3  0-1

[Event "ch-ESP KO"]
[Site "Ceuta ESP"]
[Date "2008.09.28"]
[Round "1.2"]
[White "Illescas Cordoba,M"]
[Black "Blazquez Gomez,Jo"]
[Result "1-0"]
[WhiteElo "2603"]
[BlackElo "2255"]

1.e4 d6 2.d4 Nf6 3.Nc3 g6 4.f4 Bg7 5.Nf3 O-O 6.Bd3 c5 7.dxc5 dxc5 8.e5 Nd5
9.Nxd5 Qxd5 10.Qe2 Bg4 11.Be4 Qd7 12.Be3 Na6 13.O-O Bf5 14.Rad1 Qc8 15.Ng5 Bxe4
16.Nxe4 Qc6 17.Nc3 Rfd8 18.Qb5 e6 19.Qxc6 bxc6 20.Ne4 Bf8 21.c3 Be7 22.Kf2 Rd5
23.c4 Rdd8 24.Ke2 Kf8 25.Rxd8+ Rxd8 26.a3 Rb8 27.Rb1 Rb3 28.Bf2 Ke8 29.Kd2 Rb7
30.Kc2 Kf8 31.Rd1 Rc7 32.g4 Ke8 33.Rd3 Kf8 34.Rh3 Kg7 35.Bh4 Bxh4 36.Rxh4 h6
37.Nf6 Rc8 38.Rh3 Rd8 39.Rd3 Rxd3 40.Kxd3 Nb8 41.h4 a5 42.Kc3 a4 43.b3 Na6
44.bxa4 Kf8 45.a5 Kg7 46.Kd3 Kf8 47.Ke4 Kg7 48.Kf3 Kf8 49.Kg3 Kg7 50.h5 Kf8
51.Nd7+ Kg7 52.Kh4 Kg8 53.g5 Kg7 54.Kg4 Kh7 55.Nb6 Kg7 56.Nc8 Kh7 57.Nd6 gxh5+
58.Kxh5 hxg5 59.Kxg5 Kg7 60.Ne4 Kf8 61.Kf6 Nc7 62.Nxc5 Ne8+ 63.Kg5 Ke7 64.a6 Nc7
65.a7 Na8 66.Na4  1-0

[Event "ch-ESP KO"]
[Site "Ceuta ESP"]
[Date "2008.09.30"]
[Round "2.4"]
[White "Ibarra Jerez,JC"]
[Black "Illescas Cordoba,M"]
[Result "1/2-1/2"]
[WhiteElo "2496"]
[BlackElo "2603"]

1.e4 e6 2.d4 d5 3.Nc3 dxe4 4.Nxe4 Nd7 5.Bd3 Ngf6 6.Qe2 c5 7.Nxf6+ Nxf6 8.dxc5 Bxc5
9.Bg5 Qa5+ 10.Bd2 Bb4 11.c3 Bd6 12.Nf3 O-O 13.Bg5 Nd5 14.O-O h6 15.Bd2 Nf6
16.c4 Qh5 17.Bc3 Re8 18.Bxf6 gxf6 19.Rad1 f5 20.h3 Bf8 21.Bc2 b6 22.Ba4 Re7
23.Bc6 Bb7 24.Bxb7 Rxb7 25.Rd3 Rc8 26.b3 Rbc7 27.Rfd1 Bg7 28.Rd7 e5 29.Rxc7 Rxc7
30.Qd2 Rc6 31.Qd8+ Kh7 32.Qh4 Qg6 33.Qe7 Re6 34.Qd7 f4 35.Qd5 a5 36.Nh4 Qc2
37.Rd2 Qb1+ 38.Rd1 Qc2 39.Rd3 Qb1+ 40.Rd1 Qc2 41.Rd2 Qb1+ 42.Kh2 Bf6 43.Rd1 Qc2
44.Rd2 Qb1 45.Rd1 Qxa2 46.Qe4+ Kg8 47.Qa8+ Kh7 48.Qf8 Bg7 49.Qxf7 Rf6 50.Qd5 Qxf2
51.Qe4+ Kg8 52.Nf5 Bf8 53.Qxe5 f3 54.Rg1  1/2-1/2

[Event "IV Tch-ESP Selecciones Autonomicas"]
[Site "Villava ESP"]
[Date "2009.05.02"]
[Round "5"]
[White "Illescas Cordoba,M"]
[Black "Salgado Lopez,I"]
[Result "1-0"]
[WhiteElo "2592"]
[BlackElo "2559"]

1.Nf3 g6 2.d4 Bg7 3.c4 c5 4.d5 d6 5.e4 Nf6 6.Nc3 O-O 7.h3 e6 8.Bd3 exd5 9.cxd5 a6
10.a4 Nbd7 11.O-O h6 12.Bf4 Qe7 13.Qd2 g5 14.Bh2 g4 15.hxg4 Nxg4 16.Bg3 Nde5
17.Nxe5 Bxe5 18.Be2 Bxg3 19.Bxg4 Bxg4 20.fxg3 Kg7 21.Rf4 Bd7 22.Raf1 Qg5
23.Qf2 f6 24.e5 dxe5 25.Ne4 Qg6 26.Rxf6 Rxf6 27.Nxf6 Bxa4 28.Qxc5 Bb5 29.Qe7+ Kh8
30.Rc1 Bd3 31.Rc7  1-0

[Event "CECLUB 1st Div GpA 2012"]
[Site "Don Benito ESP"]
[Date "2012.07.30"]
[Round "1"]
[White "Illescas Cordoba,M"]
[Black "Andres Gonzalez,A"]
[Result "1-0"]
[WhiteElo "2601"]
[BlackElo "2535"]

1.d4 Nf6 2.c4 e6 3.Nc3 Bb4 4.e3 c5 5.Bd3 O-O 6.Ne2 d5 7.cxd5 cxd4 8.exd4 Nxd5
9.O-O Nc6 10.Nxd5 Qxd5 11.Qc2 h6 12.Rd1 Bd6 13.a3 Bd7 14.Bh7+ Kh8 15.Be4 Qa5
16.d5 exd5 17.Bxh6 Be6 18.Be3 Bxh2+ 19.Kxh2 dxe4 20.Qxe4 Qe5+ 21.Qxe5 Nxe5
22.Kg3 Nc4 23.Bd4 Rfd8 24.Nf4 Bf5 25.Nh5 Kg8 26.Rac1 b5 27.a4 a6 28.axb5 axb5
29.Nxg7 Bg6 30.Bf6 Rdc8 31.Rh1 Rc6 32.Bd4 f6 33.Nh5 Rd8 34.Bc3 Kf7 35.Nf4 Rg8
36.f3 b4 37.Bxb4 Bc2+ 38.Kf2 Nxb2 39.Ba3 Rb8 40.Rhe1 Rc4 41.Re7+ Kg8 42.Nd5 Nd3+
43.Kg3 Nxc1 44.Nxf6+ Kh8 45.Bxc1 Rb6 46.Bg5 Rcc6 47.Ng4 Rg6 48.Kh4 Rg7 49.Bf6 Rxf6
50.Re8+ Kh7 51.Nxf6+ Kg6 52.Rf8 Bd3 53.g4 Ra7 54.Nh5 Bc4 55.f4 Bf7 56.Rh8 Be6
57.f5+ Bxf5 58.Rg8+  1-0

[Event "Catalan Championship 2013"]
[Site "Barcelona ESP"]
[Date "2013.05.04"]
[Round "1.1"]
[White "Alfonso Nogue,B"]
[Black "Illescas Cordoba,M"]
[Result "0-1"]
[WhiteElo "2087"]
[BlackElo "2620"]

1.d4 e6 2.c4 b6 3.Nf3 Bb7 4.Bf4 Nf6 5.Nc3 Bb4 6.Qb3 a5 7.a3 Bxc3+ 8.Qxc3 d6
9.h3 Nbd7 10.e3 Qe7 11.Be2 Ne4 12.Qc2 O-O 13.O-O e5 14.Bh2 Ng5 15.d5 Nxf3+
16.Bxf3 a4 17.Bg4 Nc5 18.e4 Ba6 19.Rae1 b5 20.cxb5 Bxb5 21.Be2 Rfb8 22.f4 f6
23.fxe5 fxe5 24.Bg3 Be8 25.Bf2 Nb3 26.Bg4 Bg6 27.Be6+ Kh8 28.Be3 c5 29.Bf5 Bf7
30.Rf2 Bg8 31.Kh1 Nd4 32.Qc1 Rb3 33.Bg4 Qh4 34.Bd1 Rd3 35.Bc2 Nxc2 36.Rxc2 Qxe4
37.Bxc5 Qxd5 38.Bb4 Rxh3+ 39.Kg1 Rd3 40.Qg5 h6 41.Qe7 Qd4+ 42.Kh1 Bd5 43.Kh2 Qf4+
44.Kg1 Qd4+ 45.Kh2 Qf4+ 46.Kg1 Bb3 47.Rc7 Rg8 48.Rf1 Qe3+ 49.Kh2 Qg3+ 50.Kg1 d5
51.Bd6 Rd2  0-1

[Event "Catalan Championship 2013"]
[Site "Barcelona ESP"]
[Date "2013.05.05"]
[Round "1.2"]
[White "Illescas Cordoba,M"]
[Black "Alfonso Nogue,B"]
[Result "1-0"]
[WhiteElo "2620"]
[BlackElo "2087"]

1.d4 f5 2.g3 Nf6 3.Bg2 e6 4.Nf3 Be7 5.O-O O-O 6.c4 d6 7.Nc3 Qe8 8.b3 Nc6
9.d5 Ne5 10.Nd4 exd5 11.cxd5 Qh5 12.e3 Qxd1 13.Rxd1 Bd7 14.Bb2 a6 15.Rac1 Rac8
16.Nce2 g5 17.h3 h6 18.Ba3 Ne4 19.f3 Nc5 20.f4 Ng6 21.Bxc5 dxc5 22.Ne6 Bxe6
23.dxe6 Rb8 24.Rd7 Bd6 25.Nc3 Ne7 26.Rd1 Rfe8 27.Bf3 Nc8 28.Nd5 Rxe6 29.Nxc7 Rxe3
30.Kf2 Re7 31.R1xd6  1-0

[Event "Catalan Championship 2013"]
[Site "Barcelona ESP"]
[Date "2013.05.06"]
[Round "2.1"]
[White "Illescas Cordoba,M"]
[Black "Perez Mitjans,O"]
[Result "0-1"]
[WhiteElo "2620"]
[BlackElo "2483"]

1.d4 Nf6 2.c4 g6 3.Nc3 Bg7 4.e4 d6 5.Nf3 O-O 6.h3 e5 7.d5 a5 8.Bg5 Na6 9.Nd2 Bd7
10.Be2 h6 11.Be3 Ne8 12.O-O f5 13.exf5 gxf5 14.f4 e4 15.Nb3 b6 16.Nd4 Nf6
17.g4 fxg4 18.hxg4 Nc5 19.Rf2 Qe7 20.Rg2 Nd3 21.Qd2 Rae8 22.Rf1 Nh7 23.Rg3 h5
24.gxh5 Kh8 25.Bxd3 exd3 26.Qxd3 Rg8 27.Rff3 Qh4 28.Bf2 Qxh5 29.Ne4 Bg4 30.Re3 Ref8
31.Ne6 Bxe6 32.dxe6 Rxf4 33.Rg2 Be5 34.Rxg8+ Kxg8 35.Ng3 Qg4 36.Rxe5 dxe5
37.Qd8+ Kg7 38.Qxc7+ Kg6 39.Qc6 Nf6 40.e7 Kf7 41.Qxb6 Qd1+ 42.Kg2 Qf3+ 43.Kg1 Rg4
44.Kh2 Rh4+ 45.Kg1 Rh3 46.Qb3 Qc6 47.c5+ Qe6 48.Be1 Nd5 49.Qf3+ Nf4 50.Qe4 Kxe7
51.Nf5+ Kf6 52.Bh4+ Rxh4 53.Nxh4 Qg4+ 54.Kf1 Qxh4  0-1

[Event "ch-ESP Rapid 2013"]
[Site "Linares ESP"]
[Date "2013.08.26"]
[Round "2.4"]
[White "Illescas Cordoba,M"]
[Black "Blanco,Cr"]
[Result "1-0"]
[WhiteElo "2608"]
[BlackElo "2349"]

1.Nf3 Nf6 2.c4 g6 3.d4 Bg7 4.g3 O-O 5.Bg2 d5 6.cxd5 Nxd5 7.O-O c6 8.e4 Nc7
9.h3 Nd7 10.Nc3 c5 11.d5 b5 12.Bf4 b4 13.Na4 Ba6 14.Re1 Nb5 15.Rc1 Rc8 16.Bf1 Qa5
17.Be3 c4 18.Nd2 c3 19.bxc3 Nxc3 20.Nxc3 Bxc3 21.Bxa6 Qxa6 22.Re2 Qxa2 23.Nb1 Qa6
24.Nxc3 Rxc3 25.Rxc3 bxc3 26.Rc2 Qa4 27.Bd4 Rc8 28.Qd3 Rc4 29.Bxc3 Nc5 30.Rb2 f6
31.Rb8+ Kg7 32.Qe3 Nxe4 33.Bxf6+ Nxf6 34.Qxe7+ Kh6 35.Qxf6 Rc1+ 36.Kh2 Qe4
37.Qf8+ Kh5 38.g4+ Kg5 39.Qd8+ Kf4 40.Qf6+  1-0

[Event "ch-ESP Rapid 2013"]
[Site "Linares ESP"]
[Date "2013.08.26"]
[Round "4.4"]
[White "Illescas Cordoba,M"]
[Black "Perez Candelario,Man"]
[Result "1-0"]
[WhiteElo "2608"]
[BlackElo "2569"]

1.d4 d6 2.Nf3 g6 3.g3 Bg7 4.Bg2 Nd7 5.O-O e5 6.c4 Ne7 7.Nc3 O-O 8.e4 exd4
9.Nxd4 Nc6 10.Nc2 Nb6 11.Ne3 Ne5 12.Qe2 Be6 13.Ncd5 c6 14.Nxb6 Qxb6 15.Rb1 a5
16.Rd1 a4 17.Bd2 Qc5 18.Rbc1 Nd7 19.Bc3 Bxc3 20.Rxc3 Rad8 21.Qc2 Nb6 22.h4 Rfe8
23.b3 axb3 24.axb3 Ra8 25.Rcd3 Red8 26.Qd2 Ra3 27.Qb2 Raa8 28.Qf6 Nd7 29.Qd4 Qxd4
30.Rxd4 Ra3 31.b4 Ra4 32.f4 Nf8 33.f5 Bd7 34.Rxd6 Rxb4 35.Ng4 gxf5 36.Nf6+ Kg7
37.exf5 Rxc4 38.Nxd7 Nxd7 39.Rxd7 Rxd7 40.Rxd7 b5 41.Rc7 Kf6 42.Rxc6+ Rxc6
43.Bxc6 b4 44.Bd5 Kxf5 45.Bxf7 h6 46.Kf2  1-0

[Event "ch-ESP Rapid 2013"]
[Site "Linares ESP"]
[Date "2013.08.26"]
[Round "5.3"]
[White "Plaskett,J"]
[Black "Illescas Cordoba,M"]
[Result "1/2-1/2"]
[WhiteElo "2490"]
[BlackElo "2608"]

1.e4 c5 2.Nc3 e6 3.Nf3 Nc6 4.Bb5 Nge7 5.O-O a6 6.Bxc6 Nxc6 7.d4 cxd4 8.Nxd4 d6
9.Nxc6 bxc6 10.Qg4 h5 11.Qg3 h4 12.Qg4 e5 13.Qe2 g5 14.Na4 Be6 15.c4 Qf6
16.Be3 h3 17.g3 Bxc4 18.Qd1 Bxf1 19.Kxf1 Be7 20.Rc1 d5 21.Nb6 Rd8 22.Qa4 O-O
23.Rxc6 Qf3 24.Nxd5 Rxd5 25.exd5 Qxd5 26.Qc2 Rd8 27.Ke2 g4 28.Rg6+ fxg6 29.Qxg6+ Kh8
30.Qh6+ Kg8 31.Qg6+ Kh8 32.Qh6+  1/2-1/2

[Event "ch-ESP Rapid 2013"]
[Site "Linares ESP"]
[Date "2013.08.27"]
[Round "6.3"]
[White "Illescas Cordoba,M"]
[Black "Anton Guijarro,D"]
[Result "1/2-1/2"]
[WhiteElo "2608"]
[BlackElo "2570"]

1.d4 b6 2.e4 Bb7 3.Bd3 g6 4.Ne2 Bg7 5.c4 Nh6 6.Nbc3 O-O 7.O-O e6 8.Bf4 f5
9.Qd2 Nf7 10.exf5 exf5 11.Be3 Nc6 12.Rad1 Re8 13.b3 Kh8 14.Rfe1 Ne7 15.d5 c5
16.dxc6 dxc6 17.Nf4 Ng8 18.Qc2 Qc7 19.Bf1 Nf6 20.Bc1 Ne5 21.h3 Rad8 22.Rxd8 Qxd8
23.Rd1 Qc7 24.Nd3 Nh5 25.Nxe5 Bxe5 26.Bb2 Bg7 27.c5 bxc5 28.Na4 f4 29.Bxg7+ Qxg7
30.Nxc5 Bc8 31.Be2 Bf5 32.Qd2 Qe5 33.Bxh5 gxh5 34.Qd4 f3 35.a4 fxg2 36.Kxg2 Rg8+
37.Kf3 Qxd4 38.Rxd4 Bxh3 39.Rd6 h4 40.Rh6 Bg2+ 41.Kf4 h3 42.Ne6 Rb8 43.Ng5 Kg7
44.Rxh7+ Kg6 45.Kg4 Rxb3 46.Rh8 Rb4+ 47.f4 Rxa4 48.Nxh3 Be4 49.Ng5 Bf5+ 50.Kg3 Ra3+
51.Kf2 a5 52.Nf3 Be4 53.Ne5+ Kf6 54.Nxc6 a4 55.Nd4 Rd3 56.Nb5 Rb3 57.Rh6+ Kg7
58.Ra6 Rxb5 59.Rxa4 Bd5 60.Ra6 Rb3 61.Rd6 Bf7 62.Ra6 Bg8 63.Rd6 Kf7 64.Ke2 Ke7
65.Rh6 Be6 66.Kf2 Kf7 67.Ke2 Bf5 68.Rd6 Be6 69.Kf2 Kf6 70.Ra6 Kf5 71.Ra4 Rb5
72.Rd4 Bd5 73.Ke3 Be4 74.Ra4 Rb3+ 75.Kd4 Kxf4 76.Ra7 Rd3+ 77.Kc4 Rd8 78.Rg7 Ke5
79.Rg5+ Bf5 80.Rh5 Rc8+ 81.Kb4 Ke4 82.Rh4+ Kd3 83.Rh5 Be4 84.Rh3+ Kd4 85.Rh4 Rb8+
86.Ka5 Kd5 87.Ka4 Bf3 88.Ka3 Kc5 89.Rh3 Bd5 90.Rg3 Bc4 91.Rg5+ Kd4 92.Ka4 Ra8+
93.Kb4 Rb8+ 94.Ka4 Bd5 95.Rg4+ Kc5 96.Ka3 Rb3+ 97.Ka4 Rb2 98.Ka5 Rb8 99.Rg6 Rh8
100.Rb6 Ra8+ 101.Ra6 Rb8 102.Rh6 Rb1 103.Rh4 Rb5+ 104.Ka4 Rb2 105.Ka5 Bf7
106.Ka6 Ra2+ 107.Kb7 Bd5+ 108.Kc7 Ra7+ 109.Kb8 Rb7+ 110.Kc8 Rg7 111.Rh2 Kc6
112.Rh6+ Kc5 113.Rh2 Bc6 114.Kd8 Rd7+ 115.Kc8 Ra7 116.Kd8 Bd5 117.Ke8 Kd6
118.Kf8 Rf7+ 119.Ke8 Rg7 120.Rf2 Bc4 121.Rf6+ Be6 122.Rf2 Ra7 123.Kf8 Ke5
124.Ke8 Bc4 125.Kf8 Bd5 126.Rf4  1/2-1/2

[Event "ch-ESP Rapid 2013"]
[Site "Linares ESP"]
[Date "2013.08.27"]
[Round "8.10"]
[White "Illescas Cordoba,M"]
[Black "Matnadze,A"]
[Result "0-1"]
[WhiteElo "2608"]
[BlackElo "2390"]

1.d4 Nf6 2.c4 e6 3.Nc3 Bb4 4.e3 Nc6 5.Ne2 d5 6.a3 Be7 7.cxd5 exd5 8.b4 a5
9.b5 Nb8 10.Nf4 O-O 11.Be2 Re8 12.O-O Bf5 13.Qb3 c6 14.Bd2 Nbd7 15.f3 Bd6
16.Nd3 c5 17.Nxd5 cxd4 18.Nxf6+ Qxf6 19.e4 Qh4 20.f4 Bxe4 21.Rae1 a4 22.Qb2 Qf6
23.Nf2 Bd5 24.Ng4 Qg6 25.f5 Rxe2 26.Rxe2 Qxg4 27.Bb4 Nc5 28.h3 Qg3 29.Qxd4 Qh2+
30.Kf2 Bg3+ 31.Ke3 Re8+ 32.Kd2 Rxe2+ 33.Kxe2 Qxg2+ 34.Ke3 Qxf1 35.Qxd5 Qf2+  0-1